LEADER 01185nam 2200373 450 001 990000940320203316 010 $a88-14-06106-8 035 $a0094032 035 $aUSA010094032 035 $a(ALEPH)000094032USA01 035 $a0094032 100 $a20020204d1996----km-y0itay0103----ba 101 $aita 102 $aIT 105 $a||||||||001yy 200 1 $aProfili dell'atto solutorio non dovuto$fAntonio Spadafora 210 $aMilano$cA. Giuffré$d1996 215 $aIX, 198 p.$d24 cm 225 2 $aStudi di diritto civile$fUniversità di Roma, Facoltà di Giurisprudenza$v42 410 $12001$aStudi di diritto civile$fUniversità di Roma, Facoltà di Giurisprudenza$v42 461 1$1001-------$12001 606 0 $aRipetizione di indebito 676 $a346.45077 700 1$aSPADOFORA,$bAntonio$0552290 801 0$aIT$bsalbc$gISBD 912 $a990000940320203316 951 $aX 20 XIII 42$b11763 G$cX 20 XIII 959 $aBK 969 $aGIU 979 $aPATTY$b90$c20020204$lUSA01$h1104 979 $c20020403$lUSA01$h1737 979 $aPATRY$b90$c20040406$lUSA01$h1705 996 $aProfili dell'atto solutorio non dovuto$9973606 997 $aUNISA LEADER 01747nam 2200337 450 001 9910376156803321 005 20230825223610.0 035 $a(CKB)4100000007597930 035 $a(NjHacI)994100000007597930 035 $a(EXLCZ)994100000007597930 100 $a20230825d2018 uy 0 101 0 $aeng 135 $aur||||||||||| 181 $ctxt$2rdacontent 182 $cc$2rdamedia 183 $acr$2rdacarrier 200 00$aProceedings of the 2018 International Conference on E-Business and Applications /$fAssociation for Computing Machinery ; Association for Computing Machinery-Digital Library, contributor 210 1$aNew York NY :$cACM,$d2018. 215 $a1 online resource (87 pages) 311 $a1-4503-6368-7 330 $aICEBA 2018 provides a great opportunity for the academics and researchers along with industry people who work in all aspects of E-Business and Applications to get together and share your research experiences and research outcomes. In addition to the contributed papers, we also invited four internationally known experts (Prof. Yanqing Duan from University of Bedfordshire, UK; Prof. Young-Chang Hou from Tamkang University, Taiwan; Prof. Cheol Park from Korea University, South Korea; Prof. Sean Watts from American University, Vietnam) to deliver keynote speeches at ICEBA 2018. 606 $aBusiness networks$xLaw and legislation 615 0$aBusiness networks$xLaw and legislation. 676 $a343.0 712 02$aAssociation for Computing Machinery-Digital Library, 801 0$bNjHacI 801 1$bNjHacl 906 $aBOOK 912 $a9910376156803321 996 $aProceedings of the 2018 International Conference on E-Business and Applications$92134641 997 $aUNINA